000
00370nam a22001577a 4500
003
MPLRDC
005
20220104125640.0
008
210129b ||||| |||| 00| 0 eng d
082
_a
947.47 KMXS v.1
100
_a
不详
245
_a
孔明先生: 三顾茅芦. 一
_c
260
_a
_b
不详
_c
300
_b
平
650
_a
儿童画
942
_c
BK
_o
947.47 KMXS v.1
999
_c
29037
_d
29027